Amelia Earhart
| Main Author: | |
|---|---|
| Format: | Book |
| Published: |
London :
Franklin Watts ,
1991
|
| Series: | Lifetimes
|
| Subjects: |
MARC
| LEADER | 00000cam a2200000 7i4500 | ||
|---|---|---|---|
| 001 | 0000005483 | ||
| 002 | 000005927 | ||
| 005 | 20081104.0 | ||
| 020 | |a 0863138926 | ||
| 090 | 0 | 0 | |a 920 |b TAM |
| 100 | 1 | |a Tames, Richard | |
| 245 | 1 | 0 | |a Amelia Earhart |c Richard Tames |
| 260 | |a London : |b Franklin Watts , |c 1991 | ||
| 300 | |a 32p. ; |c 27cm. | ||
| 490 | 0 | |a Lifetimes | |
| 650 | 0 | 0 | |a Earhart, Amelia |x Biographies |
| 999 | |a 027055 |b BUKU |c JUNIOR BOOKS |e PERPUSTAKAAN KOMUNITI CAW KOTA DAMANSARA | ||